Normal view
MARC view
Entry Personal Name
001 - CONTROL NUMBER
- control field: 30045
003 - CONTROL NUMBER IDENTIFIER
- control field: ARRUPE
005 - DATE AND TIME OF LATEST TRANSACTION
- control field: 20170428092120.0
008 - FIXED-LENGTH DATA ELEMENTS
- fixed length control field: 170428|| aca||aabn | a|a d
040 ## - CATALOGING SOURCE
- Original cataloging agency: ARRUPE
- Transcribing agency: ARRUPE
100 ## - HEADING--PERSONAL NAME
- Personal name: John Iliffe
670 ## - SOURCE DATA FOUND
- Source citation: Work cat.: (ARRUPE)13290: Iliffe, John 13287, A modern history of Tanganyika, 1979